| 000 | 00773nam a2200253 i 4500 | ||
|---|---|---|---|
| 001 | 53342 | ||
| 003 | ES-MaACL | ||
| 005 | 20250916063040.0 | ||
| 007 | t| | ||
| 008 | 031020s2001 sp ||||0| spa j | ||
| 020 | _a84-323-1073-5 | ||
| 040 |
_aM-BN _bspa _cM-BN |
||
| 080 | _a930 | ||
| 100 | 1 |
_aMoradiellos, Enrique, _d1961- _982901 |
|
| 245 | 1 | 4 |
_aLas caras de Clío _b: una introducción a la historia / _cpor Enrique Moradiellos. |
| 250 | _a1ª ed. en castellano. | ||
| 260 |
_aMadrid : _bSiglo XXI de España, _c[2001] |
||
| 300 |
_a318 p ; _c21 cm. |
||
| 504 | _aBibliografía: p. 277-310. Indice. | ||
| 650 | 1 | 7 |
_aHistoria _2embne _9179933 |
| 650 | 1 | 4 |
_aHistoriografía. _913439 |
| 852 |
_aES-MaACL _jL-26545 _bR.131224 |
||
| 999 |
_c53342 _d53342 |
||